52. kongres European regional science association v Bratislave-pohľad späť a pohľad dopredu

Informácia o uskutočnení kongresu ERSA v Bratislave v dňoch 21. a 24. augusta 2012.

Saved in:
Bibliographic Details
Main Author: Rehák, Štefan, 1974-
Other Authors: Šipikal, Miroslav, 1976-
Format: Book Chapter
Language:Slovak
Subjects:
Tags: Add Tag
No Tags, Be the first to tag this record!

MARC

LEADER 00000naa a2200000 4500
001 0162656
005 20240502072822.2
041 0 |a slo 
044 |a SK 
245 1 0 |a 52. kongres European regional science association v Bratislave-pohľad späť a pohľad dopredu  |c Štefan Rehák, Miroslav Šipikal 
520 |a Informácia o uskutočnení kongresu ERSA v Bratislave v dňoch 21. a 24. augusta 2012. 
610 2 0 |a rozvoj regionálny 
610 2 0 |a politika regionálna 
610 2 0 |a Slovensko 
610 2 0 |a konferencie 
100 1 |a Rehák, Štefan, 1974- 
700 1 |a Šipikal, Miroslav, 1976-